00491 2200181 4500001002100000005001500021008004100036020002200077035001900099041000700118082000800125090001400133100002000147245006000167260003500227300002300262650002400285INLIS00000000001279320241224114431241224||||||||| | ||| |||| || |  a978-602-7768-91-8 0010-1224012793 aid0 a336 a336 JUN h0 aJuniarso Ridwan00aHUKUM ADMINISDTRASI NEGARA DAN KEBIJAKAN LAYANAN PUBLIK aBandungbnuansa cendekiac2014 a320hlm;15,5x23,5cm 0aadministrasi negara